The Reason - Hoobastank (All lyrics) - Statistics

General Stats
  • This quiz has been taken 73 times
  • The average score is 195 of 231
Answer Stats
Answer % Correct
a
100%
A
100%
I
100%
I'm
97%
not
97%
the
97%
know
94%
me
94%
perfect
94%
person
94%
reason
94%
to
94%
you
94%
And
91%
and
91%
is
91%
be
89%
for
89%
just
89%
want
89%
found
86%
new
86%
who
83%
but
80%
didn't
80%
do
80%
so
80%
start
80%
There's
80%
things
80%
used
80%
many
77%
over
77%
all
74%
change
74%
go
74%
say
74%
wish
74%
before
71%
That
71%
that
71%
it
69%
have
66%
I've
66%
meant
63%
never
63%
those
63%
with
63%
your
63%
It's
60%
of
60%
sorry
60%
day
57%
every
57%
hurt
57%
show
57%
hear
54%
learning
54%
one
54%
continue
51%
could
51%
live
51%
something
51%
need
49%
pain
49%
put
49%
take
49%
away
46%
side
46%
must
43%
That's
43%
through
43%
tears
40%
why
37%
catches
34%
No matching quizzes found
Score Distribution
Percent of People with Each Score
Percentile by Number Answered
Your Score History
You have not taken this quiz